Normal view
MARC view
- PIERRE,BALDI
Entry Personal Name
001 - CONTROL NUMBER
- control field: 91233
003 - CONTROL NUMBER IDENTIFIER
- control field: NUST
005 - DATE AND TIME OF LATEST TRANSACTION
- control field: 20220427094352.0
008 - FIXED-LENGTH DATA ELEMENTS
- fixed length control field: 220427|| aca||aabn | a|a d
040 ## - CATALOGING SOURCE
- Original cataloging agency: NUST
- Transcribing agency: NUST
100 ## - HEADING--PERSONAL NAME
- Personal name: PIERRE,BALDI
670 ## - SOURCE DATA FOUND
- Source citation: Work cat.: (NUST): PIERRE,BALDI., BIOINFORMATICS /, 2001.
